000 00318nam a2200133Ia 4500
008 240624s9999 xx 000 0 und d
041 _aeng
082 _a823 MEY
100 _aMEYER STEPHENI
245 _aSHORT SECOND LIFE OF BREE TANNER
260 _c2010
_aNew Delhi
_bHachette
300 _a192 : p.
365 _cRS
999 _c17111
_d17111